Un teatre nacional extraviat i submergit : obertura del curs acadèmic 2005 - 2006 / Hermann Bonnín obertura del curs acadèmic 2005 - 2006 / Hermann Bonnín
ISBN:
84-9803-142-7
Descripción Física:
49 p. ; 18 cm
Colección:
Lliçons magistrals
Materias:
Teatre Nacional de Catalunya -- Història
MARC
| LEADER | 00000nam a2200000Ia 4500 | ||
|---|---|---|---|
| 001 | 18553 | ||
| 008 | 160829s2006 xx 000 0 cat d | ||
| 020 | |a 84-9803-142-7 | ||
| 080 | |a FU-51-21 | ||
| 100 | |a Bonnín, Hermann, |d 1935- |9 41455 | ||
| 245 | |a Un teatre nacional extraviat i submergit : |b obertura del curs acadèmic 2005 - 2006 / Hermann Bonnín | ||
| 260 | |a Barcelona : |b Diputació de Barcelona : |b Institut del Teatre, |c 2006 | ||
| 300 | |a 49 p. ; |c 18 cm | ||
| 490 | |a Lliçons magistrals | ||
| 590 | |a Lliçó pronunciada el 24 d'octubre de 2005 | ||
| 650 | |a Teatre Nacional de Catalunya |x Història |9 40799 | ||
| 710 | 1 | |a Institut del Teatre (Barcelona, Catalunya) |9 52662 | |
| 710 | 1 | |a Barcelona (Catalunya : Província). |b Diputació |9 52408 | |
| 901 | |a Arxiu | ||
| 942 | |n 1 | ||
| 952 | |0 0 |1 0 |4 0 |6 FU5121 |7 1 |9 50216 |a Arxiu |b Arxiu |d 2016-12-01 |l 0 |o FU-51-21 |p 18553 |r 2016-12-01 00:00:00 |w 2016-12-01 |y ARXIU | ||
| 999 | |c 54058 |d 54058 | ||